000
00279nam a22001337a 4500
008
170309b xxu||||| |||| 00| 0 eng d
020
_a
0801616972
041
_a
eng
080
_2
2nd
_a
611
100
_a
6
101
_a
shm
245
_a
PHYSIOLOGY
_c
BERNE, R.M
942
_2
udc
_c
BK
999
_c
7273
_d
7273